000 01185nam a2200229Ia 4500
003 Ost
005 20260507075336.0
008 260507s9999||||xx |||||||||||||| ||und||
020 _a37308799539
040 _cfsecg
041 _aara
082 _a330
100 _aبشير، الصادق عوض
_eمؤلف
245 0 _aتحديات الأمن الغذائي /
_c الصادق عوض بشير
260 _aبيروت:
_bالدار العربية للعلوم,
_c2009
300 _a167 صفحة؛
_c24 سم
520 _aالبعد الدولي و العربي لأزمة الغذاء و تداعياتها و مشكلة الامن الغذائي العربي و تحدياتها ، تحلل و تقويم المشكلة و العلاج المقترح لحل المشكلة و رئية واقعية لشراكة إنتاجية ضمن استراتيجية براجماتية لحل المشكلة مع وجود استراتيجية التنمية الزراعية العربية المستدامة للعقدين 2005 2025
653 _aالأمن الغذائي
653 _aالتخطيط الغذائي
653 _aالتنمية الزراعية
942 _cكتاب
999 _c44048
_d44048